000 004940000a22001810004500
003 MACL
005 20160101150852.0
008 160101b xxu||||| |||| 00| 0 eng d
040 _aMACL
_cMACL
041 _aEnglish
082 _a400/MOR
100 _aKrishnamacharaya, pandit V
_923858
245 _aDescriptive Catalogue of Sanskrit Manuscripts in The Adyar Library
260 _bThe Adyar Library
_c1947
_aMadras
350 _a40
650 _aLanguage
_926505
942 _cBK
_k400/KRI
_2ddc
999 _c35373
_d35373